Fundamentals of pharmacology for veterinary technicians (Record no. 15194)

MARC details
000 -LEADER
fixed length control field 00647nam a22002177a 4500
003 - CONTROL NUMBER IDENTIFIER
control field BD-DhSAU
005 - DATE AND TIME OF LATEST TRANSACTION
control field 20210916121216.0
008 - FIXED-LENGTH DATA ELEMENTS--GENERAL INFORMATION
fixed length control field 210916b xxu||||| |||| 00| 0 eng d
020 ## - INTERNATIONAL STANDARD BOOK NUMBER
International Standard Book Number 978-1-4354-2600-9
Terms of availability 9965.00
040 ## - CATALOGING SOURCE
Original cataloging agency BD-DhSAU
082 ## - DEWEY DECIMAL CLASSIFICATION NUMBER
Edition number 22
Classification number 636.08951
Item number R6648
100 ## - MAIN ENTRY--PERSONAL NAME
Personal name Romich, Janet Amundson
245 ## - TITLE STATEMENT
Title Fundamentals of pharmacology for veterinary technicians
260 ## - PUBLICATION, DISTRIBUTION, ETC. (IMPRINT)
Place of publication, distribution, etc. America
Name of publisher, distributor, etc. Delmar Cengage Learning Publishing
Date of publication, distribution, etc. 2010
300 ## - PHYSICAL DESCRIPTION
Extent xx, 716 p.
Other physical details ill. ;
Dimensions 25 cm.
504 ## - BIBLIOGRAPHY, ETC. NOTE
Bibliography, etc Appendix, Glossary
590 ## - Name of Cataloguer
Name of Cataloger Md. Sirajul Islam
650 ## - SUBJECT ADDED ENTRY--TOPICAL TERM
Topical term or geographic name as entry element Pharmacology
700 ## - ADDED ENTRY--PERSONAL NAME
Personal name Janet Amundson Romich
942 ## - ADDED ENTRY ELEMENTS (KOHA)
Source of classification or shelving scheme Dewey Decimal Classification
Koha item type Book
Holdings
Withdrawn status Lost status Source of classification or shelving scheme Damaged status Use restrictions Not for loan Collection code Home library Branch Name Shelving location Date acquired Total Checkouts Full call number Barcode Date last seen Price effective from Koha item type Public note
    Dewey Decimal Classification   Restricted Access Not For Loan Reference SAU Library SAU Library Reference 13/06/2021   636.08951 R6648 42543 16/09/2021 16/09/2021 Book Project 2021